Central Library OPAC University of Rajshahi

Recent advances in marine biotechnology / (Record no. 69239)

MARC details
000 -LEADER
fixed length control field 01211nam a2200265 a 4500
001 - CONTROL NUMBER
control field 69239
003 - CONTROL NUMBER IDENTIFIER
rucl marc code BD-RjUL
005 - DATE AND TIME OF LATEST TRANSACTION
control field 20211209081849.0
008 - FIXED-LENGTH DATA ELEMENTS--GENERAL INFORMATION
fixed length control field 170410s1998 ii a b 001 0 eng d
020 ## - INTERNATIONAL STANDARD BOOK NUMBER
International Standard Book Number 8120411544 :
035 ## - SYSTEM CONTROL NUMBER
System control number (BD-RjUL)69450
040 ## - CATALOGING SOURCE
Original cataloging agency DLC
Transcribing agency DLC
Modifying agency BD-RjUL
Language of cataloging eng
041 ## - LANGUAGE CODE
Language code of text/sound track or separate title eng
082 ## - DEWEY DECIMAL CLASSIFICATION NUMBER
Edition number 23
Classification number 660.65
Author mark and year REC 1998
245 00 - TITLE STATEMENT
Title Recent advances in marine biotechnology /
Statement of responsibility, etc. Milton Fingerman, Rachakonda Nagabhushanam and Mary-Frances Thompson
260 ## - PUBLICATION, DISTRIBUTION, ETC. (IMPRINT)
Place of publication, distribution, etc. New Delhi :
Name of publisher, distributor, etc. Oxford and IBH Pub. Co.,
Date of publication, distribution, etc. 1998.
300 ## - PHYSICAL DESCRIPTION
Pagination V. :
Illustrations ill. ;
Size 24 cm.
504 ## - BIBLIOGRAPHY, ETC. NOTE
Bibliography, etc Includes bibliography and index.
505 1# - FORMATTED CONTENTS NOTE
Formatted contents note V.-2--Environmental Marine Biotechnology.--v. 3. Biofilms, bioadhesion, corrosion, and biofouling -- v. 4. Aquaculture-- v. 5. Immunobiology and pathology -- v. 6. Bio-organic compounds : chemistry and biomedical applications-- v. 7. Seafood safety and human health -- v. 8. Bioremediation -- v. 9. Biomaterials and bioprocessing -- v. 10. Molecular genetics of marine organisms.
650 ## - SUBJECT ADDED ENTRY--TOPICAL TERM
Topical term or geographic name as entry element Genetic engineering
9 (RLIN) 205128
700 1# - ADDED ENTRY--PERSONAL NAME
Personal name Fingerman, Milton
Personal name Nagabhushanam, Rachakonda.
Personal name Thompson, Mary-Frances
942 ## - ADDED ENTRY ELEMENTS (KOHA)
Source of classification or shelving scheme Dewey Decimal Classification
Koha item type Books
Holdings
Lost status Source of classification or shelving scheme Damaged status Not for loan Collection code Permanent Location Current Location Shelving location Date acquired Source of acquisition Cost, normal purchase price Total Checkouts Full call number Date last seen Copy number Koha item type
  Dewey Decimal Classification   Not For Loan Non-fiction Central Library, University of Rajshahi Central Library, University of Rajshahi Reading Room 09/12/2021 Paragon Enterprises, Dhaka 875.00   660.65 REC V-2 1998 10/04/2017 C-1 Books
  Dewey Decimal Classification     Non-fiction Central Library, University of Rajshahi Central Library, University of Rajshahi   22/12/2005 Paragon Enterprises, Dhaka 875.00   660.65 REC V-2 1998 21/05/2017 C-8 Books
  Dewey Decimal Classification     Non-fiction Central Library, University of Rajshahi Central Library, University of Rajshahi   22/12/2005 Paragon Enterprises, Dhaka 875.00   660.65 REC V-2 1998 21/05/2017 C-7 Books
  Dewey Decimal Classification     Non-fiction Central Library, University of Rajshahi Central Library, University of Rajshahi   22/12/2005 Paragon Enterprises, Dhaka 875.00   660.65 REC V-2 1998 21/05/2017 C-6 Books
  Dewey Decimal Classification     Non-fiction Central Library, University of Rajshahi Central Library, University of Rajshahi   22/12/2005 Paragon Enterprises, Dhaka 875.00   660.65 REC V-2 1998 21/05/2017 C-5 Books
  Dewey Decimal Classification     Non-fiction Central Library, University of Rajshahi Central Library, University of Rajshahi   22/12/2005 Paragon Enterprises, Dhaka 875.00   660.65 REC V-2 1998 21/05/2017 C-4 Books
  Dewey Decimal Classification     Non-fiction Central Library, University of Rajshahi Central Library, University of Rajshahi   22/12/2005 Paragon Enterprises, Dhaka 875.00   660.65 REC V-2 1998 21/05/2017 C-3 Books
  Dewey Decimal Classification     Non-fiction Central Library, University of Rajshahi Central Library, University of Rajshahi   22/12/2005 Paragon Enterprises, Dhaka 875.00   660.65 REC V-2 1998 21/05/2017 C-2 Books